| 000 | 00514nam a2200181Ia 4500 | ||
|---|---|---|---|
| 005 | 20250508152904.0 | ||
| 008 | 008 250505s9999 xx 000 0 eng d | ||
| 037 | _aTextual | ||
| 040 |
_aFEDL _beng _cFEDL |
||
| 041 |
_aeng _2eng |
||
| 084 |
_a294.54, MOU _qFEDL |
||
| 100 | _aMouni Sadhu | ||
| 245 | 0 | _aSamadhi : The superconsciousness of the future | |
| 260 |
_aLondon, UK _bGeorge Allen and Unwin Ltd. _c1962 |
||
| 300 | _a182p. | ||
| 942 |
_cTEXL _h294.54, MOU |
||
| 999 |
_c1339421 _d1339421 |
||